LEADER 01193nas 22004213a 450 001 996213696403316 005 20221206215926.0 011 $a1542-8443 035 $a(OCoLC)51198335 035 $a(CKB)110978966549386 035 $a(CONSER)--2002214969 035 $a(EXLCZ)99110978966549386 100 $a20021210a19uu9999 s-- a 101 0 $aeng 135 $aurcnu|||||||| 181 $ctxt$2rdacontent 182 $cc$2rdamedia 183 $acr$2rdacarrier 200 00$aPacific shipper online 210 $aEast Windsor, NJ $cCommonwealth Business Media 311 $a0030-8900 517 3 $aPacific shipper 531 0 $aPac. shipp. online 606 $aTransportation$zPacific Area$vPeriodicals 606 $aShipping$zPacific Area$vPeriodicals 606 $aShipping$2fast$3(OCoLC)fst01116352 606 $aTransportation$2fast$3(OCoLC)fst01155007 607 $aPacific Area$2fast 608 $aPeriodicals.$2fast 615 0$aTransportation 615 0$aShipping 615 7$aShipping. 615 7$aTransportation. 676 $a387 906 $aJOURNAL 912 $a996213696403316 996 $aPacific shipper online$92236661 997 $aUNISA